Design and implementation of CDMA Rake receiver in MATLAB and DSP kit / (Record no. 183661)

000 -LEADER
fixed length control field 00960 a2200193 4500
003 - CONTROL NUMBER IDENTIFIER
control field NUST
005 - DATE AND TIME OF LATEST TRANSACTION
control field 20251113192346.0
040 ## - CATALOGING SOURCE
Transcribing agency Nust
082 ## - DEWEY DECIMAL CLASSIFICATION NUMBER
Classification number 621.382,SAE
100 ## - MAIN ENTRY--PERSONAL NAME
Personal name Saeed, NC Muhammad Awais (TCC-15A)
9 (RLIN) 131908
245 ## - TITLE STATEMENT
Title Design and implementation of CDMA Rake receiver in MATLAB and DSP kit /
Statement of responsibility, etc. NC Muhammad Awais Saeed, NC Qudratullah Baig and NC Rohan Elahi
260 ## - PUBLICATION, DISTRIBUTION, ETC.
Place of publication, distribution, etc. Rawalpindi
Name of publisher, distributor, etc. MCS (NUST)
Date of publication, distribution, etc. 2007
300 ## - PHYSICAL DESCRIPTION
Extent 104 p.;
505 ## - FORMATTED CONTENTS NOTE
Statement of responsibility Introduction (Page-1), Code Division Multiplexing Access (CDMA) (Page-13), Overview of DS-CDMA Standards (Page-27), Design Aspects and Analysis of DS-CDMA System (Page-31), Transmitter and Receiver Implementation (Page-52), DSP Board Implementation (Page-70), Conclusion and Future Recommendation (Page-74), MATLAB Simulation Results (Page-77).
650 ## - SUBJECT ADDED ENTRY--TOPICAL TERM
Topical term or geographic name entry element UG Projects
9 (RLIN) 98716
651 ## - SUBJECT ADDED ENTRY--GEOGRAPHIC NAME
Geographic name TCC-15A
9 (RLIN) 131903
700 ## - ADDED ENTRY--PERSONAL NAME
Personal name Supervised by Air Commodore (R) Dr. Salim Akbar
9 (RLIN) 131909
942 ## - ADDED ENTRY ELEMENTS (KOHA)
Source of classification or shelving scheme
Koha item type Project Report
Holdings
Withdrawn status Lost status Source of classification or shelving scheme Damaged status Not for loan Permanent Location Current Location Shelving location Date acquired Full call number Barcode Date last seen Price effective from Koha item type Public note
          Military College of Signals (MCS) Military College of Signals (MCS) Reference 12/12/2016 621.382,SAE MCSPTC-76 12/08/2016 12/12/2016 Project Report Almirah No. 94, Shelf No. 2
© 2023 Central Library, National University of Sciences and Technology. All Rights Reserved.